Britain from the air / (Record no. 11060)
[ view plain ]
| 000 -LEADER | |
|---|---|
| fixed length control field | 00654cam a2200241 a 4500 |
| 001 - CONTROL NUMBER | |
| control field | 3565846 |
| 003 - CONTROL NUMBER IDENTIFIER | |
| control field | OSt |
| 005 - DATE AND TIME OF LATEST TRANSACTION | |
| control field | 20160217131551.0 |
| 008 - FIXED-LENGTH DATA ELEMENTS--GENERAL INFORMATION | |
| fixed length control field | 980227s1993 enkab 001 0 eng |
| 010 ## - LIBRARY OF CONGRESS CONTROL NUMBER | |
| LC control number | 98120686 |
| 020 ## - INTERNATIONAL STANDARD BOOK NUMBER | |
| International Standard Book Number | 0091771757 |
| 040 ## - CATALOGING SOURCE | |
| Original cataloging agency | SEKU |
| 043 ## - GEOGRAPHIC AREA CODE | |
| Geographic area code | e-uk--- |
| 050 00 - LIBRARY OF CONGRESS CALL NUMBER | |
| Classification number | DA 667 |
| Item number | .H39 |
| 100 1# - MAIN ENTRY--PERSONAL NAME | |
| Personal name | Hawkes, Jason. |
| 245 10 - TITLE STATEMENT | |
| Title | Britain from the air / |
| Statement of responsibility, etc. | photographs by Jason Hawkes ; text by Jane Struthers. |
| 260 ## - PUBLICATION, DISTRIBUTION, ETC. (IMPRINT) | |
| Place of publication, distribution, etc. | London : |
| Name of publisher, distributor, etc. | Edbury Press, |
| Date of publication, distribution, etc. | 1993. |
| 300 ## - PHYSICAL DESCRIPTION | |
| Extent | 191 p. : |
| Other physical details | col. ill., maps ; |
| 500 ## - GENERAL NOTE | |
| General note | Includes index. |
| 651 #0 - SUBJECT ADDED ENTRY--GEOGRAPHIC NAME | |
| Geographic name | Great Britain |
| General subdivision | Aerial views. |
| 700 1# - ADDED ENTRY--PERSONAL NAME | |
| Personal name | Struthers, Jane. |
| 942 ## - ADDED ENTRY ELEMENTS (KOHA) | |
| Source of classification or shelving scheme | Library of Congress Classification |
| Koha item type | General circulation |
| Withdrawn status | Lost status | Source of classification or shelving scheme | Damaged status | Not for loan | Home library | Current library | Shelving location | Date acquired | Total Checkouts | Total Renewals | Full call number | Barcode | Date last seen | Date last checked out | Price effective from | Koha item type |
|---|---|---|---|---|---|---|---|---|---|---|---|---|---|---|---|---|
| Library of Congress Classification | Main Campus Library | Main Campus Library | General Stacks | 11/10/2023 | 1 | 1 | DA 667 .H39 | 2016/014 | 25/01/2024 | 11/10/2023 | 11/10/2023 | General circulation |